000 00727nam a2200217Ii 4500
003 JO-AjNU
008 230605s9999||||xx |||||||||||||| ||und||
017 _a1993/7692
020 _a977-11-0821-2
040 _aJO-AjNU
_bara
_erda
_cJO-AjNU
041 _aara
050 1 4 _aPJ7846.A765.M34 1993
100 3 _aتأليف المنفلوطي، مصطفى لطفي ,
_eauthor
_936001
245 0 0 _aماجدولين أو تحت ظلال الزيزفون
264 3 1 _aالقاهرة:مكتبة مصر،1993
300 _a232ص
336 _atext
_btxt
_2rdacontent
337 _aunmediated
_bn
_2rdamedia
338 _avolume
_bnc
_2rdacarrier
650 4 _aماجدولين - تحت ظلال الزيزفون - قصص
_936002
999 _aA14918
_c18486
_d18486